<?xml version="1.0" encoding="UTF-8"?>
<record
    xmlns:xsi="http://www.w3.org/2001/XMLSchema-instance"
    xsi:schemaLocation="http://www.loc.gov/MARC21/slim http://www.loc.gov/standards/marcxml/schema/MARC21slim.xsd"
    xmlns="http://www.loc.gov/MARC21/slim">

  <leader>01643nam a2200313 a 4500</leader>
  <datafield tag="999" ind1=" " ind2=" ">
    <subfield code="c">358203</subfield>
    <subfield code="d">358203</subfield>
  </datafield>
  <controlfield tag="001">000000362272</controlfield>
  <controlfield tag="003">IT-MiSPE</controlfield>
  <controlfield tag="005">20190403141034.0</controlfield>
  <controlfield tag="008">080715s2008    it            000 0 ita d</controlfield>
  <datafield tag="020" ind1=" " ind2=" ">
    <subfield code="a">9788821562525</subfield>
    <subfield code="c">12.50 EUR</subfield>
  </datafield>
  <datafield tag="040" ind1=" " ind2=" ">
    <subfield code="a">IT-MiSPE</subfield>
    <subfield code="b">ita</subfield>
    <subfield code="d">IT-MiSPE</subfield>
    <subfield code="c">IT-MiSPE</subfield>
  </datafield>
  <datafield tag="041" ind1=" " ind2=" ">
    <subfield code="a">ita</subfield>
  </datafield>
  <datafield tag="082" ind1=" " ind2=" ">
    <subfield code="a">227.5-COL di ca (23247)</subfield>
  </datafield>
  <datafield tag="100" ind1="1" ind2=" ">
    <subfield code="a">Coletti, Diego.</subfield>
    <subfield code="c">vesc. di Como,</subfield>
    <subfield code="d">1941-</subfield>
    <subfield code="e">autore</subfield>
    <subfield code="9">57742</subfield>
  </datafield>
  <datafield tag="245" ind1="1" ind2="3">
    <subfield code="a">Le catene della speranza :</subfield>
    <subfield code="b">riflessioni sulle lettere di Paolo dalla prigionia /</subfield>
    <subfield code="c">Diego Coletti.</subfield>
  </datafield>
  <datafield tag="260" ind1=" " ind2=" ">
    <subfield code="a">Cinisello Balsamo (MI) :</subfield>
    <subfield code="b">San Paolo,</subfield>
    <subfield code="c">2008.</subfield>
  </datafield>
  <datafield tag="300" ind1=" " ind2=" ">
    <subfield code="a">201 p. ;</subfield>
    <subfield code="c">22 cm</subfield>
  </datafield>
  <datafield tag="490" ind1="1" ind2=" ">
    <subfield code="a">Fame e sete della Parola ;</subfield>
    <subfield code="v">046</subfield>
  </datafield>
  <datafield tag="504" ind1=" " ind2=" ">
    <subfield code="a">Bibliografia (p. 197-198) e indice</subfield>
  </datafield>
  <datafield tag="520" ind1=" " ind2=" ">
    <subfield code="a">Le lettere dalla prigionia agli Efesini, ai Filippesi, ai Colossesi ci fanno percepire l'esperienza pi&#xF9; intima e personale di Paolo. L'apostolo, dotato di un temperamento molto sensibile ed estroverso, riveste qui la sua parola di toni pi&#xF9; interiori e pi&#xF9; meditati. In ogni pagina di questo libro troviamo un frammento di tre sue lettere, accompagnato da un breve commento, che non vuole sostituire, ma solo introdurre al contatto diretto con la parola viva dell'apostolo.</subfield>
  </datafield>
  <datafield tag="630" ind1="0" ind2="4">
    <subfield code="a">Biblia.</subfield>
    <subfield code="p">N.T.</subfield>
    <subfield code="p">Ad Ephesios</subfield>
    <subfield code="x">Studio italiano.</subfield>
    <subfield code="9">57743</subfield>
  </datafield>
  <datafield tag="630" ind1="0" ind2="4">
    <subfield code="a">Biblia.</subfield>
    <subfield code="p">N.T.</subfield>
    <subfield code="p">Ad Philippenses</subfield>
    <subfield code="x">Studio italiano.</subfield>
    <subfield code="9">57744</subfield>
  </datafield>
  <datafield tag="630" ind1="0" ind2="4">
    <subfield code="a">Biblia.</subfield>
    <subfield code="p">N.T.</subfield>
    <subfield code="p">Ad Colossenses</subfield>
    <subfield code="x">Studio italiano.</subfield>
    <subfield code="9">57745</subfield>
  </datafield>
  <datafield tag="655" ind1=" " ind2="7">
    <subfield code="a">Sacra Scrittura. Studi sul Nuovo Testamento</subfield>
    <subfield code="x">Paolo: studi e teologia.</subfield>
    <subfield code="2">local</subfield>
    <subfield code="9">56750</subfield>
  </datafield>
  <datafield tag="830" ind1=" " ind2="0">
    <subfield code="a">Fame e sete della Parola ;</subfield>
    <subfield code="v">046.</subfield>
    <subfield code="9">57746</subfield>
  </datafield>
  <datafield tag="942" ind1=" " ind2=" ">
    <subfield code="2">ddc</subfield>
    <subfield code="c">BK</subfield>
  </datafield>
  <datafield tag="952" ind1=" " ind2=" ">
    <subfield code="0">0</subfield>
    <subfield code="1">0</subfield>
    <subfield code="2">ddc</subfield>
    <subfield code="4">0</subfield>
    <subfield code="6">227_000000000000000_5COL_DI_CA_23247</subfield>
    <subfield code="7">1</subfield>
    <subfield code="a">CINISELLO</subfield>
    <subfield code="b">CINISELLO</subfield>
    <subfield code="d">2019-04-03</subfield>
    <subfield code="l">0</subfield>
    <subfield code="o">227.5-COL di ca (23247)</subfield>
    <subfield code="p">9788821562525</subfield>
    <subfield code="r">2019-04-03 00:00:00</subfield>
    <subfield code="w">2019-04-03</subfield>
    <subfield code="y">BK</subfield>
  </datafield>
</record>
